000 00841nam a22002177a 4500
005 20151026130005.0
008 151026b mx ||||| |||| 00| 0 eng d
050 0 4 _aKGF3015.A15
_bC66 2004
245 0 0 _aComparative media law journal
250 _a1a ed.
260 _aMéxico :
_bUniversidad Nacional Autónoma de México
260 _bInstituto de Investigaciones Jurídicas
260 _bFundación Konrad Adenauer
260 _bComisión Estatal para el Acceso a la Información Pública del Estado de Sinaloa,
_c2004
300 _a162 p. ;
_c21 cm.
500 _aRevista número 3 Enero-Junio 2004
650 7 _2LEMB
_aLibertad de prensa
_vPublicaciones periódicas
650 7 _2LEMB
_aLibertad de expresión
_vPublicaciones periódicas
650 7 _2LEMB
_aDerecho a la privacidad
_vPublicaciones periódicas
942 _2lcc
_cREV
999 _c105862
_d105862